00493nam a2200193 a 4500001001300000003000900013005001700022008004100039020002300080082001600103100002000119245003700139260002600176300000900202500003500211505002400246650000900270700002000279nice12345678IN_TiNIC20260116013839.0050524s1998 leia grp 000 0 eng  a9004641 c10000a297.35bHOE aHoexter, Miriam aEndowments, Rulers and Community aLeiden bBrill c1998 a188p aincludes index and biblioraphy2 aBibliography, Index aWaqf1 aHoexter, Miriam